000 00684nam a22001937a 4500
999 _c185573
_d185573
005 20220204115743.0
010 _aUR-11418
020 _c300.00
_a9789390533664
035 _aU-9973
037 _bDBAD/PUB
_adpl
082 _a844.8
100 _aا نو ا ر ا لحسن و سطو ی
245 _aآ تی ہے ا نکی يا د
_cا نو ا ر ا لحسن و سطو ی
246 _bAati hai Unki Yaad (Urdu)
_aby Anwarul Hasan Wastavi
260 _aDelhi
_bEducational Publishing House
_c2020 ء
270 _a3191,Vakil Street,Kucha Pandit,Lal Kuan,
_bDelhi
_e110006
_k23216162
_l-
300 _a288 ص
_c22 Cm(Hb)
942 _2ddc
_cUR
_h844.8
_mا ن و